000 00307nam a22001337a 4500
020 _a81-8482-320-7
082 _a823
_bFER/F
100 _aFERNANDES, LUIS
245 _aFOLKTALES OF SOUTH INDIA
260 _aMUMBAI
_bAMAR CHITHRAKATHA
300 _a72
650 _aENGLISH SHORT STORY
_zMUMBAI
942 _cBK
999 _c3088
_d3088